[Event "ch-Euro Blitz"]
[Site "Ajaccio FRA"]
[Date "2007.10.25"]
[Round "6"]
[White "Bareev,E"]
[Black "Laborde,S"]
[Result "1-0"]
[WhiteElo "2653"]
[BlackElo "2081"]

1.d4 Nf6 2.c4 g6 3.Nc3 Bg7 4.e4 O-O 5.Bg5 h6 6.Be3 d6 7.f3 e5 8.Nge2 c6 9.Qd2 a6
10.dxe5 dxe5 11.Bxh6 Qxd2+ 12.Bxd2 b5 13.Nc1 Be6 14.Nb3 Nfd7 15.Be3 Re8 16.Be2 Bf8
17.Rc1 Bb4 18.O-O Nf8 19.a3 Be7 20.Rfd1 Nbd7 21.Na5 Rac8 22.b4 bxc4 23.Nxc4 c5
24.Nd6 Bxd6 25.Rxd6 cxb4 26.axb4 Bc4 27.Bxc4 Rxc4 28.Nd5 Rxc1+ 29.Bxc1 Nb8
30.Nf6+  1-0

[Event "ch-Euro Blitz"]
[Site "Ajaccio FRA"]
[Date "2007.10.25"]
[Round "7"]
[White "Riff,JN"]
[Black "Bareev,E"]
[Result "1/2-1/2"]
[WhiteElo "2474"]
[BlackElo "2653"]

1.e4 c6 2.d4 d5 3.e5 Bf5 4.Nd2 e6 5.Nb3 Nd7 6.Be3 Ne7 7.f4 Qc7 8.Nf3 Bg4
9.Be2 c5 10.dxc5 Nf5 11.Bf2 Nxc5 12.Bb5+ Nd7 13.c3 a6 14.Bd3 Nc5 15.Nxc5 Bxc5
16.Qa4+ Ke7 17.Nd4 b5 18.Qb3 Bxd4 19.Bxd4 Nxd4 20.cxd4 Qa5+ 21.Qc3 b4 22.Qd2 Qb6
23.h3 Bf5 24.Bxf5 exf5 25.Kf2 Rhc8 26.Rhc1 a5 27.Ke3 Ke6 28.g4 Ke7 29.gxf5 Rc4
30.Rxc4 dxc4 31.Qg2 Rd8 32.Rd1 g6 33.Qg5+ Ke8 34.fxg6 hxg6 35.f5 c3 36.bxc3 bxc3
37.fxg6 fxg6 38.Qf6 c2 39.Qxb6 cxd1=Q 40.Qe6+ Kf8 41.Qf6+ Ke8 42.Qe6+ Kf8
43.Qf6+  1/2-1/2

[Event "ch-Euro Blitz"]
[Site "Ajaccio FRA"]
[Date "2007.10.25"]
[Round "11"]
[White "Durandeau,J"]
[Black "Bareev,E"]
[Result "1/2-1/2"]
[WhiteElo "1947"]
[BlackElo "2653"]

1.e4 c6 2.d4 d5 3.e5 Bf5 4.Be3 e6 5.Nd2 Nd7 6.Ngf3 f6 7.exf6 Ngxf6 8.Be2 Bd6
9.c3 O-O 10.O-O Ng4 11.Bg5 Qc7 12.h3 Ngf6 13.Nh4 Be4 14.Bf3 Rae8 15.Re1 Bxf3
16.Nhxf3 Nh5 17.Ne5 Bxe5 18.Qxh5 Bh2+ 19.Kh1 Bf4 20.Bxf4 Qxf4 21.Nf3 h6 22.Qg4 Qxg4
23.hxg4 Nf6 24.Ne5 Rc8 25.f3 c5 26.dxc5 Rxc5 27.Nd3 Rc6 28.Re2 Nd7 29.Rae1 Rf6
30.Kg1 Kf8 31.Kf2 a5 32.Kg3 Nb6 33.Nf4 Kf7 34.Nh5 Rg6 35.Nf4 Rf6 36.Nh5 Rg6
37.Rh1 Rxg4+ 38.fxg4  1/2-1/2

[Event "ch-Euro Blitz"]
[Site "Ajaccio FRA"]
[Date "2007.10.25"]
[Round "14"]
[White "Bareev,E"]
[Black "Prie,E"]
[Result "1-0"]
[WhiteElo "2653"]
[BlackElo "2532"]

1.d4 d5 2.c4 c6 3.Nf3 Nf6 4.e3 Bg4 5.Nc3 e6 6.h3 Bh5 7.g4 Bg6 8.Ne5 Nbd7
9.Nxg6 hxg6 10.Bd2 Bb4 11.Qb3 Bxc3 12.Bxc3 Nxg4 13.Qxb7 Rb8 14.Qxc6 Qh4 15.hxg4 Qxh1
16.c5 Qf3 17.Qd6 Rc8 18.c6 Nb8 19.c7 Na6 20.Bb5+  1-0

[Event "ch-Euro Blitz"]
[Site "Ajaccio FRA"]
[Date "2007.10.25"]
[Round "18"]
[White "Bareev,E"]
[Black "Mchedlishvili,M"]
[Result "0-1"]
[WhiteElo "2653"]
[BlackElo "2631"]

1.d4 d5 2.c4 c6 3.Nf3 Nf6 4.e3 Bf5 5.Nc3 e6 6.Nh4 Be4 7.f3 Bg6 8.Qb3 Qc7
9.Bd2 Be7 10.Nxg6 hxg6 11.cxd5 cxd5 12.O-O-O Nc6 13.Kb1 a6 14.Rc1 O-O 15.h4 Na5
16.Qd1 Nc4 17.g4 Rfc8 18.h5 g5 19.Bxc4 Qxc4 20.Qf1 b5 21.Qxc4 Rxc4 22.b3 Rcc8
23.Ne2 Nd7 24.Rxc8+ Rxc8 25.Rc1 Rxc1+ 26.Nxc1 f5 27.Nd3 Nf6 28.Nf2 Bd6 29.Kc2 Bg3
30.Nh3 fxg4 31.fxg4 Bh4 32.Kd3 Nxg4 33.e4 dxe4+ 34.Kxe4 Nf6+ 35.Ke5 Kf7 36.Nxg5+ Bxg5
37.Bxg5 Nxh5 38.Kd6 Ng3 39.Kc6 Ne4 40.Be3 Nc3 41.a3 Nd5 42.Bd2 Kf6 43.Kb7 a5
44.Kc6 b4 45.a4 g5 46.Kb5 g4 47.Be1 Ne3 48.Kxa5 Nc2 49.Bh4+ Kf5 50.Kb6 Nxd4
51.a5 Nf3 52.a6 Nxh4 53.a7 g3 54.a8=Q g2 55.Qa1 Nf3 56.Qb1+ Kf4 57.Qc1+ Kg3
58.Qc7+ e5 59.Qg7+ Kf2 60.Kb5 g1=Q 61.Qh7 Qe1 62.Qc2+ Qe2+ 63.Qxe2+ Kxe2
64.Kxb4 e4 65.Kc5 e3 66.b4 Kd3 67.b5 e2  0-1

[Event "ch-Euro Blitz"]
[Site "Ajaccio FRA"]
[Date "2007.10.25"]
[Round "19"]
[White "Zermiche,C"]
[Black "Bareev,E"]
[Result "0-1"]
[WhiteElo "2162"]
[BlackElo "2653"]

1.e4 c6 2.d4 d5 3.e5 Bf5 4.g4 Bd7 5.Nc3 e6 6.Be3 h5 7.gxh5 Ne7 8.Be2 Nf5
9.Qd2 c5 10.Nf3 Nc6 11.O-O-O c4 12.Rhg1 Qa5 13.a3 b5 14.Nb1 b4 15.h6 gxh6
16.Rg4 Rb8 17.Rdg1 bxa3 18.Qxa5 axb2+ 19.Kd1 Nxa5 20.Rg8 Rxg8 21.Rxg8 Nc6
22.c3 a5 23.Kc2 Nce7 24.Bd1 Nxg8  0-1

[Event "ch-Euro Blitz"]
[Site "Ajaccio FRA"]
[Date "2007.10.25"]
[Round "22"]
[White "Bareev,E"]
[Black "Bacrot,E"]
[Result "0-1"]
[WhiteElo "2653"]
[BlackElo "2695"]

1.d4 b6 2.c4 Bb7 3.Nc3 e6 4.a3 f5 5.Nf3 Nf6 6.g3 g6 7.Bg2 Bg7 8.O-O O-O 9.d5 a5
10.Rb1 Qe7 11.Bf4 Na6 12.d6 Qd8 13.dxc7 Nxc7 14.Bd6 Re8 15.Ne5 Bxg2 16.Kxg2 Qc8
17.Qd3 a4 18.Rfd1 Ra7 19.Rbc1 Na6 20.Nb5 Ra8 21.f3 Qb7 22.Qe3 Rad8 23.Bb4 Nxb4
24.Nd6 Qc7 25.axb4 Rf8 26.Nb5 Qb8 27.Rd6 Qc8 28.Rxb6 f4 29.Qc5 fxg3 30.Qxc8 Rxc8
31.hxg3 Nd5 32.Nxd7 Nxb6 33.Nxb6 Bxb2 34.Rb1 a3 35.Nxa3 Bxa3 36.Nxc8 Rxc8
37.Rb3 Bc1 38.c5 Kf7 39.Rb1 Bd2 40.Rb2 Bc3 41.Rb3 Bd2 42.Rb2 Bc1 43.Rb1 Bg5
44.f4 Bf6 45.Rc1 Bd4 46.Rc4 e5 47.Kf3 Ke6 48.Ke4 Rb8 49.e3 Bb2 50.c6 Kd6
51.b5 Kc7 52.Rc5 exf4 53.exf4 Bf6 54.g4 Re8+ 55.Kf3 Bd4 56.Rd5 Re3+ 57.Kg2 Re4
58.Rd7+ Kc8 59.Kf3 Re3+ 60.Kg2 Re2+ 61.Kg3 Re3+ 62.Kh4 Re4 63.Rxh7 Rxf4 64.Kg5 Be3
65.Rd7 Rb4+ 66.Kxg6 Rxb5 67.Rd3 Bc1 68.Kf6 Rc5  0-1

[Event "ch-Euro Blitz"]
[Site "Ajaccio FRA"]
[Date "2007.10.26"]
[Round "23"]
[White "Mikhalevski,V"]
[Black "Bareev,E"]
[Result "0-1"]
[WhiteElo "2584"]
[BlackElo "2653"]

1.d4 d5 2.c4 c6 3.Nf3 Nf6 4.Nc3 e6 5.Bg5 h6 6.Bh4 dxc4 7.e4 g5 8.Bg3 b5 9.Be2 Nbd7
10.Ne5 Nxe5 11.Bxe5 Bg7 12.h4 Bb7 13.hxg5 hxg5 14.Rxh8+ Bxh8 15.Qc1 b4 16.Na4 Qe7
17.Nc5 O-O-O 18.Qxg5 Nd5 19.Qxe7 Nxe7 20.Bxh8 Rxh8 21.O-O-O Rh2 22.Rg1 Ng6
23.Bxc4 Nf4 24.Bf1 Kc7 25.Kd2 Bc8 26.Ke3 Ng6 27.Be2 e5 28.dxe5 Nxe5 29.f4 Ng6
30.Bf3 a5 31.b3 Nh4 32.f5 Kd6 33.Rc1 Nxg2+ 34.Kd4 Nh4 35.e5+ Kc7 36.Be4 Nxf5+
37.Kd3 Ng3 38.Bf3 Rxa2 39.Rg1 Nf5 40.Be4 Be6 41.Bxf5 Bxf5+ 42.Kd4 Rh2 43.Rg7 Rh7
44.Rg8 Rh4+ 45.Ke3 Be6 46.Re8 Bd5 47.Re7+ Kd8 48.Ra7 Bxb3 49.Rxa5 Bd5 50.Ra7 b3
51.Rb7 Kc8 52.Rb6 Rc4 53.Na6 Re4+ 54.Kd3 Rxe5 55.Kd4 Re4+ 56.Kc5 Kd7 57.Nb4 Rc4+  0-1

[Event "ch-Euro Blitz"]
[Site "Ajaccio FRA"]
[Date "2007.10.26"]
[Round "29"]
[White "Fressinet,L"]
[Black "Bareev,E"]
[Result "1-0"]
[WhiteElo "2654"]
[BlackElo "2653"]

1.e4 c6 2.d4 d5 3.e5 Bf5 4.Nf3 e6 5.Be2 Nd7 6.O-O h6 7.Nbd2 Ne7 8.c3 a6 9.Ne1 c5
10.Bd3 Bxd3 11.Nxd3 cxd4 12.cxd4 Nc6 13.Qg4 Qg5 14.Qd1 Qd8 15.Nf3 Be7 16.Be3 Qb6
17.b3 O-O 18.Nd2 Rfc8 19.Qg4 Kh8 20.Nf4 Qd8 21.Nf3 Nb4 22.Nh5 Qf8 23.Bd2 a5
24.Nf4 Rc6 25.Bxb4 axb4 26.Nxd5 Rd8 27.Nf4 Nb6 28.Rac1 Qe8 29.Rxc6 bxc6 30.Rc1 Bf8
31.h3 Ra8 32.Rc2 Ra7 33.Nh5 Nd5 34.Nf4 Nc3 35.Kh2 Nxa2 36.Nd2 Qd7 37.Nh5 Nc3
38.Nc4 Nb5 39.Qf4 Kg8 40.Qg3 Qxd4 41.Qf3 Qd5 42.Qg4 Kh8 43.Qf4 Qd7 44.Ng3 Nd4
45.Nb6 Qd8 46.Qxf7 Nxb3 47.Nd7 Be7 48.Nh5 Qg8 49.Qxe7 Nd4 50.Qxb4 Nf5 51.Nf4 Qf7
52.Qf8+ Qxf8 53.Nxf8 c5 54.N8xe6 Kg8 55.Ne2 Nd4 56.N6xd4 cxd4 57.Nxd4 Kf8
58.e6 Ke7 59.g3 Kd6 60.g4 Ke5 61.Nb5 h5 62.Kg3 hxg4 63.hxg4 Kxe6 64.Nc3 Rc7  1-0

[Event "ch-Euro Blitz"]
[Site "Ajaccio FRA"]
[Date "2007.10.26"]
[Round "30"]
[White "Bareev,E"]
[Black "Fressinet,L"]
[Result "1-0"]
[WhiteElo "2653"]
[BlackElo "2654"]

1.d4 d5 2.c4 c6 3.Nf3 Nf6 4.e3 e6 5.b3 Nbd7 6.Bd3 Bb4+ 7.Nbd2 e5 8.dxe5 Bc3
9.Rb1 Nxe5 10.Nxe5 Bxe5 11.O-O O-O 12.h3 Re8 13.Nf3 Bc7 14.Bb2 Ne4 15.Bc2 Bb6
16.cxd5 cxd5 17.Bd4 Be6 18.Bxb6 Qxb6 19.Bxe4 dxe4 20.Nd4 Bd7 21.Qh5 Qf6 22.Qc5 Qg6
23.Kh1 Qh6 24.Qc7 Rad8 25.Rbd1 Qb6 26.Qxb6 axb6 27.Rd2 Rc8 28.Rfd1 g6 29.Kh2 Rc5
30.Ne2 Bc6 31.g4 h5 32.Kg3 Kg7 33.Rd4 hxg4 34.hxg4 Ra8 35.R1d2 Rca5 36.Nc3 Re8
37.Rc2 Re6 38.b4 Rae5 39.a4 b5 40.a5 Rf6 41.Ne2 Rf3+ 42.Kg2 Rg5 43.a6 bxa6
44.Rxc6 Rxg4+ 45.Kf1 Rh4 46.Ng3 Rh2 47.Nxe4 f5 48.Rc7+ Kh6 49.Rh7+ Kxh7 50.Ng5+ Kh6
51.Nxf3 Rh1+ 52.Ng1 Kg7 53.Rd6 Rh4 54.f4 g5 55.fxg5 Rxb4 56.Rxa6 f4 57.Nf3 fxe3
58.Ke2 Re4 59.Ra3 b4 60.Rxe3 Rg4 61.Re7+ Kf8 62.Rb7 Kg8 63.Ke3 Kf8 64.Rb5 Kg7
65.Nd2 Rh4 66.Ne4 b3 67.Kd4 Rh3 68.Ke5 Rf3 69.Rb6 Kg8 70.Nd6 Kg7 71.Nf5+ Kf7
72.g6+ Ke8 73.Kf6 Kd7 74.g7 Kc7 75.Rb4  1-0

[Event "ch-Euro Blitz"]
[Site "Ajaccio FRA"]
[Date "2007.10.26"]
[Round "32"]
[White "Tkachiev,V"]
[Black "Bareev,E"]
[Result "1-0"]
[WhiteElo "2661"]
[BlackElo "2653"]

1.d4 d5 2.c4 c6 3.Nf3 Nf6 4.e3 Bg4 5.cxd5 Bxf3 6.Qxf3 cxd5 7.Nc3 e6 8.Bd2 Nc6
9.Bd3 Be7 10.O-O O-O 11.Qe2 Rc8 12.Rac1 Qd7 13.f4 a6 14.Be1 Bb4 15.Bh4 Be7
16.g4 Ne8 17.Bg3 Nd6 18.f5 Rfe8 19.Qg2 Bg5 20.Bf4 Bxf4 21.Rxf4 Nb4 22.Bb1 e5
23.dxe5 Rxe5 24.Rxb4 Rxe3 25.Qxd5 Qe7 26.Rf1 Rd8 27.f6 gxf6 28.Qh5 Qe5 29.Qxh7+ Kf8
30.Rbf4 Ne8 31.Qh6+ Ke7 32.Re4 Rxe4 33.Bxe4 Rd4 34.Qf4 Qxf4 35.Rxf4 Nd6 36.Bc2 Rd2
37.Rf2 Rd4 38.Re2+ Kf8 39.Ne4 Nc4 40.Bb3 Ne5 41.Nxf6 Nxg4 42.Re4 Rxe4 43.Nxe4 Ne5
44.Bc2 a5 45.Kf2 b6 46.b3 Nc6 47.Ke3 Kg7 48.Nd6 Kf6 49.Be4 Nb4 50.a3 Na6
51.Nc4 Nc5 52.b4 axb4 53.axb4 Na6 54.b5 Nc7 55.Bc6  1-0

[Event "Corsica Masters"]
[Site "Bastia FRA"]
[Date "2007.10.29"]
[Round "1.1"]
[White "Bareev,E"]
[Black "Jussupow,Ar"]
[Result "1-0"]
[WhiteElo "2653"]
[BlackElo "2583"]

1.d4 e6 2.c4 f5 3.g3 Nf6 4.Bg2 d5 5.Nc3 c6 6.Nh3 Be7 7.O-O O-O 8.e3 Bd6 9.b3 b6
10.a4 Qe7 11.Qc2 Ba6 12.Rd1 Nbd7 13.cxd5 cxd5 14.Nb5 Rfc8 15.Qb2 Bb4 16.Bd2 Ne4
17.Bxb4 Qxb4 18.Nf4 Bxb5 19.axb5 Nf8 20.Bf1 Rc3 21.Rdb1 Rac8 22.Ra4 Qd6 23.Ra2 Ng6
24.Nd3 h5 25.Rxa7 Rc2 26.Qa3 Qxa3 27.Rxa3 Nd2 28.Rd1 R8c3 29.Ra6 Rxb3 30.Rxb6 Kf7
31.Be2 Nc4 32.Rb7+ Kf6 33.Bxh5 Ne7 34.h4 Nd6 35.Rb6 Nec8 36.Rc6 Rbc3 37.Nc5 g6
38.Bf3 Ke7 39.Rb1 Rc1+ 40.Rxc1 Rxc1+ 41.Kg2 Rb1 42.Rc7+ Kf6 43.Be2 Nb6 44.Rc6 Nbc8
45.b6 Rxb6 46.Nd7+  1-0

[Event "Cup Russia"]
[Site "Serpukhov RUS"]
[Date "2007.11.08"]
[Round "2.2"]
[White "Bareev,E"]
[Black "Grigoriants,S RUS"]
[Result "1-0"]
[WhiteElo "2653"]
[BlackElo "2591"]

1.d4 d5 2.c4 c6 3.Nf3 Nf6 4.e3 Bg4 5.h3 Bxf3 6.Qxf3 e6 7.Nc3 Nbd7 8.Bd2 Bb4
9.Bd3 O-O 10.a3 Ba5 11.cxd5 cxd5 12.O-O Rc8 13.Rfd1 Re8 14.e4 dxe4 15.Bxe4 Bxc3
16.Bxc3 Nxe4 17.Qxe4 Qb6 18.d5 exd5 19.Qxd5 Nf8 20.Qf3 Rc6 21.Rd5 Rce6 22.h4 h6
23.Rad1 a6 24.h5 Qc6 25.Qg3 f6 26.Rd6 Qa4 27.Bxf6 Rxf6 28.R1d4 Qb5 29.Rxf6 Re1+
30.Kh2 Qxh5+ 31.Rh4 Qd1 32.Qg4 Qc1 33.Rfxh6 Rh1+ 34.Kg3 Qxh6 35.Qc4+  1-0

[Event "Russia Cup Final"]
[Site "Serpuhov RUS"]
[Date "2008.11.07"]
[Round "2.1"]
[White "Bareev,E"]
[Black "Belov,Vl"]
[Result "1/2-1/2"]
[WhiteElo "2647"]
[BlackElo "2579"]

1.d4 Nf6 2.c4 g6 3.Nc3 d5 4.Nf3 Bg7 5.Qb3 dxc4 6.Qxc4 O-O 7.e4 Bg4 8.Be3 Nfd7
9.O-O-O e5 10.dxe5 Nc6 11.h3 Bxf3 12.gxf3 Ncxe5 13.Qb3 c5 14.f4 Nc6 15.e5 Nd4
16.Bxd4 cxd4 17.Rxd4 Nc5 18.Qb4 Qe7 19.Kb1 b6 20.h4 Rfd8 21.Nd5 Qf8 22.Bh3 h5
23.Rhd1 Kh8 24.Nf6 Qe7 25.Qd2 Rxd4 26.Qxd4 Ne6 27.Bxe6 Qxe6 28.Qe4 Rc8 29.f5 Qxf5
30.Qxf5 gxf5 31.Rd6 f4 32.f3 Bxf6 33.Rxf6 Kg7 34.Rxf4 Rc5 35.Rf5 Kg6 36.Rg5+ Kh6
37.Rf5 Kg6 38.Rg5+ Kh6 39.b3 f6 40.Rf5 fxe5 41.Kb2 Rd5 42.f4 Rd4 43.fxe5 Rxh4
44.Kc3 Re4 45.Kd3 Re1 46.Kd4 h4 47.Kd5 Kg6 48.Rf8 Kg7 49.Rf4 h3 50.Rh4 Re3
51.b4 Kg6 52.e6 Kf6 53.Rf4+ Kg5 54.Rf7 h2 55.Rh7 Re2 56.e7 Rxe7 57.Rxh2 Re3
58.a4 Ra3 59.a5 bxa5 60.b5 Rb3 61.Kc4 Rf3 62.Rg2+ Kf6 63.Ra2 Ke7 64.Rxa5 Kd6  1/2-1/2

[Event "World Open"]
[Site "Leon ESP"]
[Date "2008.12.27"]
[Round "3"]
[White "Bareev,E"]
[Black "Alvarez Fernandez,E"]
[Result "1-0"]
[WhiteElo "2647"]
[BlackElo "2346"]

1.d4 Nf6 2.c4 d6 3.Nc3 e5 4.Nf3 Nc6 5.d5 Ne7 6.e4 g6 7.c5 Bg7 8.cxd6 cxd6
9.Qa4+ Kf8 10.Nd2 Bh6 11.Qb4 Bxd2+ 12.Bxd2 Kg7 13.Be2 a6 14.f4 Ne8 15.fxe5 dxe5
16.Be3 h5 17.O-O Bg4 18.Bd3 b5 19.a4 a5 20.Qxb5 Rb8 21.Qc5 Rxb2 22.Nb5 Be2
23.d6 Rxb5 24.Bxb5  1-0

[Event "National Open"]
[Site "Las Vegas USA"]
[Date "2009.06.07"]
[Round "6"]
[White "Bareev,E"]
[Black "Sevillano,E"]
[Result "0-1"]
[WhiteElo "2636"]
[BlackElo "2520"]

1.d4 Nf6 2.c4 e6 3.Nc3 c5 4.d5 exd5 5.cxd5 d6 6.e4 g6 7.f4 Bg7 8.Bb5+ Nfd7
9.a4 Qh4+ 10.g3 Qe7 11.Nf3 O-O 12.O-O Na6 13.Re1 Nb4 14.Be3 Nf6 15.Bd2 Bg4
16.Kg2 a6 17.Bf1 Qd7 18.Qb3 Bh3+ 19.Kh1 Bxf1 20.Rxf1 b5 21.axb5 axb5 22.Rad1 Qb7
23.Bc1 Rad8 24.Rfe1 Rfe8 25.Kg2 Nd3 26.Rxd3 c4 27.Qd1 cxd3 28.Qxd3 b4 29.Nd1 Rc8
30.Bd2 Nd7 31.Re3 Nc5 32.Qe2 Re7 33.Nf2 Bxb2 34.e5 dxe5 35.fxe5 Qxd5 36.Bxb4 Bd4
37.Bxc5 Bxc5 38.Ne4 Re6 39.Rc3 Kg7 40.Neg5 Re7 41.Qc2 Rxe5 42.Rd3 Be7  0-1

[Event "Russia Cup"]
[Site "St Petersburg RUS"]
[Date "2009.11.03"]
[Round "1.1"]
[White "Rakhmanov,Ale"]
[Black "Bareev,E"]
[Result "1/2-1/2"]
[WhiteElo "2592"]
[BlackElo "2634"]

1.d4 Nf6 2.c4 c5 3.d5 b5 4.Nd2 bxc4 5.e4 e6 6.dxe6 dxe6 7.Bxc4 Bb7 8.Qe2 Nc6
9.Ngf3 Be7 10.Ba6 Bxa6 11.Qxa6 Qc7 12.b3 O-O 13.O-O Rfd8 14.Bb2 Ng4 15.g3 Bf6
16.Bxf6 Nxf6 17.Rfc1 Nd4 18.Qc4 Nxe4 19.Nxe4 Nxf3+ 20.Kg2 Qb7 21.Kxf3 Rd4
22.Qe2 f5 23.Kg2 Rxe4 24.Qf3 Rd8 25.Rxc5 h6 26.Re5 Rd3 27.Qxd3 Re3+ 28.Qd5 exd5
29.fxe3 Qc6 30.Rxf5 d4+ 31.Rf3 d3 32.g4 Qc2+ 33.Kg1 Qe2 34.Rf2 Qxg4+ 35.Rg2 Qe4
36.Re1 h5 37.h3 h4 38.Rf2 Qg6+ 39.Rg2 Qe6 40.Kh2 Qe5+ 41.Kg1 Qf5 42.Kh2 Qe5+
43.Kg1 Qe4 44.Rf2 Qe6 45.Rh2 Qf5 46.Rd1 Qg5+ 47.Rg2 Qxe3+ 48.Kh2 Qf4+ 49.Kg1 Qf3
50.Rdd2 Qxh3 51.Kf2 Qf5+ 52.Ke3 h3 53.Rgf2 Qe5+ 54.Kf3 Qg5 55.Rh2 Qg1 56.Rxh3 g5
57.Rxd3 g4+ 58.Kf4 gxh3 59.Rg3+ Qxg3+ 60.Kxg3 Kf7 61.Kxh3 Ke6 62.Kg4 Ke5
63.Kf3 Kd4 64.Ke2 Kc3 65.Kd1 Kb2 66.Kd2 a5 67.Kd3 Kxa2 68.Kc2 Ka3 69.Kc3 Ka2
70.b4 axb4+ 71.Kxb4  1/2-1/2

[Event "Russia Cup"]
[Site "St Petersburg RUS"]
[Date "2009.11.08"]
[Round "3.3"]
[White "Grachev,B"]
[Black "Bareev,E"]
[Result "1/2-1/2"]
[WhiteElo "2652"]
[BlackElo "2634"]

1.d4 d5 2.Bf4 c6 3.e3 Nf6 4.c4 Be6 5.Qb3 Qc8 6.Nc3 Nbd7 7.Rc1 dxc4 8.Bxc4 Bxc4
9.Qxc4 Nb6 10.Qb3 Nbd5 11.Be5 e6 12.Nge2 Nxc3 13.bxc3 Be7 14.O-O O-O 15.c4 b6
16.Rfd1 Rd8 17.Nc3 Qa6 18.a4 Rac8 19.h3 Qa5 20.Rb1 h6 21.Qc2 Qa6 22.Bxf6 Bxf6
23.Ne4 Be7 24.c5 Rd5 25.Nc3 Rd7 26.cxb6 axb6 27.Qb3 Rb7 28.e4 b5 29.d5 cxd5
30.exd5 b4 31.Nb5 exd5 32.Rxd5 Qc6 33.Nd4 Qc4 34.Nf5 Bf8 35.Qxc4 Rxc4 36.Rd8 Rc6
37.Rb3 Rc3 38.Rxc3 bxc3 39.Rc8 Ra7 40.Rxc3 g6  1/2-1/2

[Event "Russia Cup"]
[Site "St Petersburg RUS"]
[Date "2009.11.10"]
[Round "4.2"]
[White "Bareev,E"]
[Black "Zvjaginsev,V"]
[Result "1-0"]
[WhiteElo "2634"]
[BlackElo "2641"]

1.d4 c5 2.d5 Nf6 3.c4 b5 4.cxb5 a6 5.bxa6 g6 6.Nc3 Bxa6 7.g3 d6 8.Bg2 Bg7
9.Nf3 O-O 10.O-O Bb7 11.Re1 Nbd7 12.h3 Nb6 13.e4 Nfd7 14.Qc2 Nc4 15.Nb5 Ba6
16.Qxc4 Qa5 17.Bg5 Bxb5 18.Qc1 Rfe8 19.Bd2 Qa4 20.Bc3 Bxc3 21.Qxc3 Qc4 22.Qd2 Ba6
23.Bf1 Qa4 24.b3 Qa3 25.Bxa6 Qxa6 26.e5 Qb7 27.Rad1 Qc7 28.exd6 exd6 29.Rxe8+ Rxe8
30.Qc3 Qb7 31.h4 Ne5 32.Nxe5 Rxe5 33.Kg2 Qa6 34.a4 Qe2 35.Qd3 Kf8 36.Qxe2 Rxe2
37.Ra1 Re7 38.Kf3 Ke8 39.a5 Kd8 40.a6 Ra7 41.Kg4 f6 42.h5 Kc7 43.f4 Kb8 44.f5 gxh5+
45.Kxh5 Re7 46.a7+ Ka8 47.Ra6 Re5 48.g4 Rxd5 49.Kh6 Rd3 50.g5 fxg5 51.f6 g4
52.f7 Rf3 53.Kg7 g3 54.f8=Q+ Rxf8 55.Kxf8 d5 56.Kg7 h5 57.Rg6 h4 58.Rg4 c4
59.bxc4 dxc4 60.Rxh4 c3 61.Ra4  1-0

[Event "Russia Cup"]
[Site "St Petersburg RUS"]
[Date "2009.11.11"]
[Round "5.1"]
[White "Bareev,E"]
[Black "Nepomniachtchi,I"]
[Result "1-0"]
[WhiteElo "2634"]
[BlackElo "2626"]

1.d4 d5 2.c4 c6 3.Nf3 Nf6 4.e3 Bg4 5.h3 Bh5 6.Nc3 e6 7.g4 Bg6 8.Ne5 Nbd7
9.Nxg6 hxg6 10.a3 Qc7 11.g5 Ng8 12.cxd5 exd5 13.Bd2 Ne7 14.Bd3 Nb6 15.Qg4 Qd7
16.Qxd7+ Kxd7 17.b3 Nf5 18.f4 f6 19.gxf6 gxf6 20.Kf2 Ke6 21.a4 Nc8 22.Rag1 Rh6
23.e4 Nxd4 24.f5+ gxf5 25.exd5+ cxd5 26.Re1+ Kd6 27.Bf4+ Kc5 28.b4+ Kc6 29.Nb5 Nxb5
30.Bxb5+ Kb6 31.Re6+  1-0

[Event "World Blitz"]
[Site "Moscow RUS"]
[Date "2009.11.17"]
[Round "24"]
[White "Karpov,Ana"]
[Black "Bareev,E"]
[Result "1-0"]
[WhiteElo "2619"]
[BlackElo "2634"]

1.d4 d5 2.c4 c6 3.Nf3 Nf6 4.e3 Bg4 5.h3 Bh5 6.Nbd2 e6 7.Be2 Nbd7 8.O-O Bd6
9.b3 O-O 10.Bb2 Qe7 11.Ne5 Bxe2 12.Qxe2 Ba3 13.Bxa3 Qxa3 14.Nxd7 Nxd7 15.e4 dxc4
16.Nxc4 Qa6 17.Rfd1 Nb6 18.Rac1 Rfd8 19.Rc2 Nxc4 20.bxc4 Rd7 21.Kf1 Rad8
22.Rcd2 h6 23.h4 Qa4 24.g3 Kf8 25.d5 cxd5 26.cxd5 exd5 27.Rxd5 Rxd5 28.exd5 Qa5
29.Qc4 Qa6 30.Qxa6 bxa6 31.d6 Ke8 32.Re1+ Kf8 33.Rd1 Ke8 34.Rd4 a5 35.Rd5 a4
36.Rd4 a6 37.Kg2 h5 38.Kf3 Rb8 39.Rxa4 Rb6 40.Re4+ Kd8 41.Re7 Rxd6 42.Rxf7 g6
43.Kf4 Ke8 44.Ra7 Rf6+ 45.Ke3 Rd6 46.a4 Kf8 47.a5 Kg8 48.f3 Kf8 49.g4 hxg4
50.fxg4 Kg8 51.Kf4  1-0

[Event "World Blitz"]
[Site "Moscow RUS"]
[Date "2009.11.17"]
[Round "25"]
[White "Bareev,E"]
[Black "Naiditsch,A"]
[Result "1-0"]
[WhiteElo "2634"]
[BlackElo "2689"]

1.d4 Nf6 2.c4 e6 3.Nc3 Bb4 4.e3 O-O 5.Ne2 d5 6.a3 Be7 7.cxd5 exd5 8.g3 Re8
9.Bg2 a5 10.O-O Na6 11.Bd2 c6 12.Qc2 Nc7 13.Rad1 Ne6 14.Bc1 b5 15.Rfe1 Ba6
16.b3 Rc8 17.Qb1 Qb6 18.b4 axb4 19.axb4 Ra8 20.Bd2 Bc8 21.Qb3 Ng5 22.f3 h5
23.Nf4 Ne6 24.Nxe6 Bxe6 25.Ne2 Ra4 26.Nf4 Rea8 27.Nxe6 fxe6 28.Bc3 Ra2 29.Ra1 Rxa1
30.Rxa1 Rxa1+ 31.Bxa1 Ne8 32.Bc3 Qa6 33.Bf1 Nd6 34.Bd3 Nc4 35.Kf2 h4 36.Ke2 Qa8
37.f4 Qe8 38.g4 Qa8 39.g5 Qb8 40.Qa2 Bxg5 41.Qa6 Nb6 42.fxg5 Qxh2+ 43.Kd1 Qc7
44.Bf1 Qf7 45.Ke1 Kh7 46.Kd1 g6 47.Bd3  1-0

[Event "World Blitz"]
[Site "Moscow RUS"]
[Date "2009.11.18"]
[Round "29"]
[White "Bareev,E"]
[Black "Aronian,L"]
[Result "1/2-1/2"]
[WhiteElo "2634"]
[BlackElo "2786"]

1.d4 d5 2.c4 c6 3.Nf3 Nf6 4.e3 a6 5.Bd2 e6 6.Qc2 Nbd7 7.Nc3 dxc4 8.Bxc4 b5
9.Be2 c5 10.a4 b4 11.Ne4 Nxe4 12.Qxe4 Rb8 13.O-O Bb7 14.Qg4 Nf6 15.Qh3 g5
16.Nxg5 Rg8 17.e4 Nxe4 18.Nxe4 Bxe4 19.Bf3 Qxd4 20.Be3 Qd5 21.Bxe4 Qxe4 22.Rfe1 Qg4
23.Qxg4 Rxg4 24.Rac1 Rc8 25.f3 Rg6 26.Rc4 Rd8 27.Re2 Rd1+ 28.Kf2 Rh1 29.h3 Rh2
30.Kf1 Rh1+ 31.Kf2 Ra1 32.Bxc5 Rxa4 33.Bxf8 Kxf8 34.b3 Ra3 35.Rxb4 Rg5 36.Ra4 Rxa4  1/2-1/2

[Event "World Blitz"]
[Site "Moscow RUS"]
[Date "2009.11.18"]
[Round "36"]
[White "Gelfand,B"]
[Black "Bareev,E"]
[Result "1-0"]
[WhiteElo "2758"]
[BlackElo "2634"]

1.d4 Nf6 2.c4 c5 3.Nf3 cxd4 4.Nxd4 e5 5.Nb5 d5 6.cxd5 a6 7.N5c3 Bc5 8.g3 O-O
9.Bg2 b5 10.O-O Bb7 11.Bg5 Nbd7 12.Ne4 Qb6 13.Nxc5 Nxc5 14.Nc3 b4 15.Bxf6 Qxf6
16.Na4 Nxa4 17.Qxa4 Qb6 18.Rac1 Rac8 19.Rfd1 Rfd8 20.Rxc8 Bxc8 21.Rc1 Bd7
22.Qc2 Bb5 23.e4 Kf8 24.Bf1 Bxf1 25.Kxf1 Qh6 26.Kg2 g6 27.Qc7 Re8 28.Rd1 Qg5
29.Qc5+ Kg7 30.Qxb4 Qg4 31.Rd2 h5 32.d6 h4 33.h3 Qe6 34.d7 Rd8 35.Qd6  1-0

[Event "World Blitz"]
[Site "Moscow RUS"]
[Date "2009.11.18"]
[Round "38"]
[White "Bareev,E"]
[Black "Svidler,P"]
[Result "1-0"]
[WhiteElo "2634"]
[BlackElo "2754"]

1.d4 d6 2.Nf3 Bg4 3.c4 Bxf3 4.exf3 c6 5.Nc3 g6 6.Be3 Bg7 7.Qd2 e6 8.h4 d5
9.h5 Nd7 10.cxd5 exd5 11.g4 Nf8 12.O-O-O Ne6 13.f4 Ne7 14.h6 Bf8 15.Bd3 f5
16.gxf5 Nxf5 17.Bxf5 gxf5 18.Qd3 Qf6 19.Rh5 Bxh6 20.Rxf5 Qg6 21.Re5 Qxd3
22.Rxe6+ Kf7 23.Rxd3 Kxe6 24.f5+ Kxf5 25.Bxh6 Kg6 26.Rh3 Rae8 27.Kd2 Re6
28.Ne2 Kf7 29.Bf4 h5 30.Be5 Rh7 31.Nf4 Reh6 32.Rh4 a6 33.a4 Ke8 34.a5 Rf7
35.Ke3 Rf5 36.b4 Kd7 37.f3 Rh7 38.Kf2 Ke8 39.Ne2 Kf7 40.Ng3 Rg5 41.Bf4 Rg8
42.Be5 Rg5 43.f4 Rg4 44.Rxh5 Rxh5 45.Nxh5 Rh4 46.Ng3 Rh2+ 47.Kf3 Rb2 48.Nf5 Rxb4
49.Nd6+ Kf8 50.f5 b6 51.f6 bxa5 52.Bf4  1-0